Epidemic /

Un director de cine y su guionista (interpretados por Lars von Trier y Niels Vørsel) escriben un guión para una película sobre una epidemia que se expande por el mundo. Mientras trabajan, no se dan cuenta de que una epidemia real se está propagando a su alrededor. Segunda película de la llamada "tri...

Descripción completa

Detalles Bibliográficos
Otros Autores: Trier, Lars von (Conductor)
Formato: VHS
Lenguaje:danés
Publicado: Dinamarca DVD Video 1987
Materias:

MARC

LEADER 00000cgm a2200000 a 4500
001 030708
003 UAHC_CL
005 20170803123240.0
008 111214b1987 dk 000 dan
040 |a UAHC_CL  |c UAHC_CL  |d UAHC_CL 
245 1 0 |a Epidemic /  |c Lars Von Trier. 
260 |a Dinamarca  |c 1987  |b DVD Video 
300 |a 106 min. 
520 |a Un director de cine y su guionista (interpretados por Lars von Trier y Niels Vørsel) escriben un guión para una película sobre una epidemia que se expande por el mundo. Mientras trabajan, no se dan cuenta de que una epidemia real se está propagando a su alrededor. Segunda película de la llamada "trilogía europea" cuyo fin es poner de manifiesto los traumas de Europa. Comprende las películas "El elemento del crimen" (1984), "Epidemic" (1987) y "Europa (Zentropa)" (1991). 
650 4 |a CINE 
700 1 |a Trier, Lars von  |e dir. 
900 |a DVD-437 
942 |c VHS 
952 |0 0  |1 0  |4 0  |6 DVD_437  |7 0  |8 Referencia  |9 60070  |a BC  |b BC  |c Referencia  |d 2017-08-03  |l 7  |o DVD-437  |p 1385119  |r 2022-01-14 00:00:00  |s 2019-06-19  |t 1  |w 2017-08-03  |y DVD 
999 |c 30708  |d 30708